[Event "Gdansk op 13th"]
[Site "Gdansk"]
[Date "2011.07.20"]
[Round "5"]
[White "Posnik, Andrzej"]
[Black "Marszk, Kazimierz"]
[Result "0-1"]
[WhiteElo "1669"]
[BlackElo "2076"]
[PlyCount "70"]
[EventDate "2011.07.17"]
[EventType "swiss"]
[EventRounds "9"]
[EventCountry "POL"]
[SourceTitle "CBM 143 Extra"]
[Source "ChessBase"]
[SourceDate "2011.08.29"]
[SourceVersion "1"]
[SourceVersionDate "2011.08.29"]
[SourceQuality "1"]

1. e4 c6 2. d4 d5 3. exd5 cxd5 4. c4 Nf6 5. Nc3 e6 6. Nf3 Be7 7. Bd3 Nc6 8. 0-0 Nb4 9. Be2 dxc4 10. Bxc4 0-0 11. a3 Nbd5 12. Re1 b6 13. Bg5 Bb7 14. Qe2 h6 15. Bxf6 Bxf6 16. Ne5 Nf4 17. Qg4 Nxg2 18. Re2 Nh4 19. Nxf7 Rxf7 20. Qxe6 Nf3+ 21. Kf1 Nxh2+ 22. Kg1 Nf3+ 23. Kf1 Ng5 24. Qf5 Qxd4 25. Bxf7+ Nxf7 26. f4 Ba6 27. Nb5 Qc4 28. a4 Nd6 29. Qe6+ Qxe6 30. Rxe6 Nxb5 31. axb5 Bxb5+ 32. Kg2 Bc4 33. Rd6 Bxb2 34. Ra4 b5 35. Rb4 Ba3 0-1

[Event "Pomorza-ch Seniors"]
[Site "Gdansk"]
[Date "2007.11.24"]
[Round "9.11"]
[White "Grzenkowicz, Gerard"]
[Black "Posnik, Andrzej"]
[Result "1/2-1/2"]
[WhiteElo "2000"]
[BlackElo "1676"]
[PlyCount "29"]
[EventDate "2007.11.10"]
[EventType "swiss"]
[EventRounds "9"]
[EventCountry "POL"]
[SourceTitle "EXT 2023"]
[Source "ChessBase"]
[SourceDate "2022.10.05"]
[SourceVersion "1"]
[SourceVersionDate "2022.10.05"]
[SourceQuality "1"]

1. d4 Nf6 2. Bf4 e6 3. Nf3 d5 4. e3 Be7 5. Bd3 0-0 6. 0-0 c5 7. Nc3 Nc6 8. a4 cxd4 9. exd4 a6 10. Be2 Bd7 11. Qd3 b5 12. axb5 axb5 13. Rxa8 Qxa8 14. Bd2 Rc8 15. Ne5 1/2-1/2

[Event "Pomorza-ch Seniors"]
[Site "Gdansk"]
[Date "2007.11.10"]
[Round "1.6"]
[White "Szczepaniec, Stanislaw"]
[Black "Posnik, Andrzej"]
[Result "1-0"]
[WhiteElo "2133"]
[BlackElo "1676"]
[PlyCount "57"]
[EventDate "2007.11.10"]
[EventType "swiss"]
[EventRounds "9"]
[EventCountry "POL"]
[SourceTitle "EXT 2023"]
[Source "ChessBase"]
[SourceDate "2022.10.05"]
[SourceVersion "1"]
[SourceVersionDate "2022.10.05"]
[SourceQuality "1"]

1. c4 e6 2. Nf3 Nf6 3. g3 b6 4. Bg2 Bb7 5. d4 Bb4+ 6. Nbd2 0-0 7. a3 Bxd2+ 8. Bxd2 d6 9. 0-0 Nbd7 10. Rc1 c5 11. Bf4 Qe7 12. dxc5 Ne5 13. cxd6 Nxf3+ 14. Bxf3 Qd7 15. Bxb7 Qxb7 16. Bg5 Qd7 17. Bxf6 gxf6 18. Qd3 Rfd8 19. Rfd1 Rac8 20. b4 Rc6 21. c5 bxc5 22. bxc5 Rdc8 23. Qd4 e5 24. Qd5 Kf8 25. Rd3 Qe6 26. Qxc6 Rxc6 27. d7 Rc8 28. dxc8Q+ Qxc8 29. c6 1-0

[Event "Gdansk-chA 7th"]
[Site "Gdansk"]
[Date "2005.11.12"]
[Round "5"]
[White "Smalara, Kazimierz"]
[Black "Posnik, Andrzej"]
[Result "1-0"]
[WhiteElo "2027"]
[BlackElo "2000"]
[PlyCount "83"]
[EventDate "2005.11.05"]
[EventType "swiss"]
[EventRounds "9"]
[EventCountry "POL"]
[SourceTitle "EXT 2008"]
[Source "ChessBase"]
[SourceDate "2007.11.25"]
[SourceVersion "1"]
[SourceVersionDate "2007.11.25"]
[SourceQuality "1"]

1. d4 Nf6 2. c4 c5 3. d5 d6 4. Nc3 e6 5. dxe6 fxe6 6. e4 Nbd7 7. f4 Be7 8. Nf3 0-0 9. g3 Rb8 10. Qd3 a6 11. a4 b5 12. cxb5 axb5 13. axb5 Nb6 14. Bg2 d5 15. e5 c4 16. Qd1 Nfd7 17. Nd4 Nc5 18. 0-0 Qc7 19. Be3 Nd3 20. Qd2 Bb4 21. Ra2 Nc5 22. Qc2 Bd7 23. Nce2 Rfc8 24. Bh3 Ra8 25. Rfa1 Rxa2 26. Rxa2 Ra8 27. Qb1 Rxa2 28. Qxa2 Kf7 29. Nc2 Nd3 30. Nxb4 Nxb4 31. Qa5 d4 32. Bxd4 N6d5 33. Bg2 Bc8 34. Bxd5 Nxd5 35. Qxc7+ Nxc7 36. Nc3 Bb7 37. Bc5 Nd5 38. Ne4 Kg6 39. Nd6 Ba8 40. b6 Nxb6 41. Bxb6 Bd5 42. Kf2 1-0

[Event "Gdansk-chA 7th"]
[Site "Gdansk"]
[Date "2005.11.11"]
[Round "4"]
[White "Posnik, Andrzej"]
[Black "Szczepaniec, Stanislaw"]
[Result "0-1"]
[WhiteElo "2000"]
[BlackElo "2103"]
[PlyCount "62"]
[EventDate "2005.11.05"]
[EventType "swiss"]
[EventRounds "9"]
[EventCountry "POL"]
[SourceTitle "EXT 2008"]
[Source "ChessBase"]
[SourceDate "2007.11.25"]
[SourceVersion "1"]
[SourceVersionDate "2007.11.25"]
[SourceQuality "1"]

1. e4 c5 2. Nf3 Nc6 3. d4 cxd4 4. Nxd4 g6 5. Bc4 Nf6 6. Nc3 Bg7 7. Bb3 d6 8. Be3 0-0 9. Qd2 Bd7 10. f3 Qa5 11. 0-0-0 Rfc8 12. Nxc6 bxc6 13. Nb1 Qc7 14. g4 a5 15. a4 c5 16. Nc3 c4 17. Ba2 Rab8 18. e5 Qb7 19. Nb5 Bxb5 20. axb5 Qxb5 21. c3 dxe5 22. h4 Nd5 23. Rh2 e6 24. h5 Nf4 25. Bxf4 exf4 26. hxg6 hxg6 27. Qd7 Qb6 28. Re2 Rd8 29. Qa4 Rxd1+ 30. Kxd1 Rd8+ 31. Kc2 Qd6 0-1